Language Quiz

Random Language or Europe Quiz

Europe in German Quiz Stats

Quiz not verified by Sporcle

Challenge
Share
Tweet
Embed
Score 0/27 Timer 05:00
0 Plays Today
English German % Correct
AustriaÖsterreich
91.9%
GermanyDeutschland
90.8%
FranceFrankreich
84.5%
ItalyItalien
83.2%
SpainSpanien
75.3%
BelgiumBelgien
74.5%
PortugalPortugal
70.4%
IrelandIrland
69.8%
BulgariaBulgarien
69.2%
DenmarkDänemark
68.8%
MaltaMalta
67.9%
PolandPolen
67.7%
GreeceGriechenland
65.2%
HungaryUngarn
62.2%
English German % Correct
LuxembourgLuxemburg
61.7%
NetherlandsNiederlande
61.2%
SwedenSchweden
59.9%
FinlandFinnland
59.3%
EstoniaEstland
51.4%
RomaniaRumänien
47.8%
LatviaLettland
45.3%
Czech RepublicTschechien
43.4%
United KingdomVereinigtes Königreich
41.4%
CyprusZypern
40%
SloveniaSlowenien
39.8%
LithuaniaLitauen
38.3%
SlovakiaSlowakei
37.2%

You're not logged in!

Compare scores with friends on all Sporcle quizzes.
Join for Free
OR
Log In

You Might Also Like...

Show Comments

Extras

Top Quizzes Today


Score Distribution

Your Account Isn't Verified!

In order to create a playlist on Sporcle, you need to verify the email address you used during registration. Go to your Sporcle Settings to finish the process.

Report this User

Report this user for behavior that violates our Community Guidelines.

Details: